Možnosti využitia kompetenčných modelov v podnikoch
Príspevok stručne analyzuje význam kompetenčných modelov pre podnikateľskú prax, určuje ich výhody a nevýhody pre podniky a navrhuje odporúčania na ich využitie. Využitie kompetenčných modelov z hľadiska finančnej a časovej náročnosti.
Salvato in:
| Autore principale: | |
|---|---|
| Natura: | Capitolo di libro |
| Lingua: | slovacco |
| Soggetti: | |
| Tags: |
Nessun Tag, puoi essere il primo ad aggiungerne!!
|
MARC
| LEADER | 00000nla a2200000 4500 | ||
|---|---|---|---|
| 001 | 0180539 | ||
| 005 | 20240502073059.0 | ||
| 041 | 0 | |a slo | |
| 044 | |a SK | ||
| 245 | 1 | 0 | |a Možnosti využitia kompetenčných modelov v podnikoch |c Jana Viskupičová |
| 520 | |a Príspevok stručne analyzuje význam kompetenčných modelov pre podnikateľskú prax, určuje ich výhody a nevýhody pre podniky a navrhuje odporúčania na ich využitie. Využitie kompetenčných modelov z hľadiska finančnej a časovej náročnosti. | ||
| 610 | 2 | 0 | |a podnik |
| 610 | 2 | 0 | |a riadenie podnikové |
| 610 | 2 | 0 | |a modely kompetenčné |
| 610 | 2 | 0 | |a zručnosti |
| 610 | 2 | 0 | |a schopnosti pracovné |
| 100 | 1 | |a Viskupičová, Jana | |